000 00281nam a22001337a 4500
008 170418b xxu||||| |||| 00| 0 eng d
020 _a9781121187566
041 _aeng
080 _a579
100 _a11
101 _aSHM
245 _aMICROBIOLOGY
_cWESHOLM.D
942 _2udc
_cBK
999 _c10970
_d10970